| 000 | 00781nam a2200229Ii 4500 | ||
|---|---|---|---|
| 003 | JO-AjNU | ||
| 008 | 230605s9999||||xx |||||||||||||| ||und|| | ||
| 017 | _a2004/5879 | ||
| 020 | _a977-01-9057-8 | ||
| 040 |
_aJO-AjNU _bara _erda _cJO-AjNU |
||
| 041 | _aara | ||
| 050 | 1 | 4 | _aPJ7808 2003 |
| 100 | 3 |
_aتأليف النجار،حسن, _eauthor _98672 |
|
| 245 | 0 | 0 | _aالوقوف بإمتداد الجسد على قصيدة الساعة الثانية |
| 264 | 3 | 1 | _aالقاهرة:الهيئة المصرية العامة للكتاب،2003 |
| 300 | _a115ص | ||
| 336 |
_atext _btxt _2rdacontent |
||
| 337 |
_aunmediated _bn _2rdamedia |
||
| 338 |
_avolume _bnc _2rdacarrier |
||
| 490 | 0 | _aالإبداع الشعري المعاصر 28 | |
| 650 | 4 |
_aالشعر العربي _98673 |
|
| 999 |
_aA908 _c4476 _d4476 |
||